Bahasa Melayu komunikasi perundangan

Bibliographic Details
Main Authors: Sabariah Hassan (Author), Kamaruddin P.Mohd (Author)
Format: Book
Published: Kuala Lumpur : Dewan Bahasa dan Pustaka 2017
Subjects:

MARC

LEADER 00000cam a2200000 7i4500
001 0000093701
005 20240129114220.0
020 |a 9789834618407 (  |q paperback) 
040 |e rda 
041 |a Malay 
090 0 0 |a 499.23   |b SAB 
100 0 |a Sabariah Hassan ,   |e (author) 
245 1 0 |a Bahasa Melayu komunikasi perundangan   |c Sabariah Hassan 
264 1 |a Kuala Lumpur :   |b Dewan Bahasa dan Pustaka   |c 2017 
300 |a 351 pages ;   |c 22 cm. 
336 |a text  |2 rdacontent 
337 |a unmediated  |2 rdamedia 
338 |a volume  |2 rdacarrier 
500 |a Includes index 
541 |c Donation book   |f Inisiatif Belanjawan 2023 
650 0 |a Language & languages 
650 0 |a Malay usage   |x Usage 
700 0 |a Kamaruddin P.Mohd ,   |e (author) 
730 0 |a Title 
999 |a 0001752585   |b Book   |c Adult Collection   |e Perbadanan Perpustakaan Awam Johor 
999 |a 0001752586   |b Book   |c Adult Collection   |e Perbadanan Perpustakaan Awam Johor 
999 |a 0001752587   |b Book   |c Adult Collection   |e Cawangan Urban Transformation Centre 
999 |a 0001752588   |b Book   |c Adult Collection   |e Cawangan AEON Kulaijaya 
999 |a 0001752589   |b Book   |c Adult Collection   |e Cawangan Muar 
999 |a 0001752590   |b Book   |c Adult Collection   |e Cawangan Segamat 
999 |a 0001752591   |b Book   |c Adult Collection   |e Cawangan Kota Tinggi 
999 |a 0001752592   |b Book   |c Adult Collection   |e Cawangan Bandar Tenggara 
999 |a 0001752593   |b Book   |c Adult Collection   |e Cawangan Tmn. Ungku Tun Aminah 
999 |a 0001752594   |b Book   |c Adult Collection   |e Cawangan Mersing 
999 |a 0001752595   |b Book   |c Adult Collection   |e Cawangan Batu Pahat 
999 |a 0001752596   |b Book   |c Adult Collection   |e Cawangan Bukit Gambir 
999 |a 0001752597   |b Book   |c Adult Collection   |e Cawangan Pontian 
999 |a 0001752598   |b Book   |c Adult Collection   |e Cawangan Tangkak 
999 |a 0001752599   |b Book   |c Adult Collection   |e Cawangan Taman Sri Lambak 
999 |a 0001752600   |b Book   |c Adult Collection   |e Perbadanan Perpustakaan Awam Johor 
999 |a 0001752601   |b Book   |c Adult Collection   |e Cawangan Bandar Penawar 
999 |a 0001752602   |b Book   |c Adult Collection   |e Cawangan Segamat 
999 |a 0001752603   |b Book   |c Adult Collection   |e Cawangan Kota Tinggi 
999 |a 0001752604   |b Book   |c Adult Collection   |e Cawangan Mersing